One Real Madrid Player by Nation - Statistics

General Stats
  • This quiz has been taken 5,991 times
  • The average score is 13 of 15
Answer Stats
Nation Player % Correct
Brazil Marcelo | Roberto Carlos | Casemiro | +20 others
100%
Spain Raúl | Iker Casillas | Sergio Ramos | +153 others
100%
France Karim Benzema | Raphaël Varane | Zinédine Zidane | +12 others
99%
Portugal Cristiano Ronaldo | Pepe | Luís Figo | +3 others
98%
Croatia Luka Modrić | Davor Šuker | Mateo Kovačić | +2 others
98%
Germany Toni Kroos | Mesut Özil | Sami Khedira | +4 others
98%
England David Beckham | Steve McManaman | Michael Owen | +3 others
96%
Argentina Gonzalo Higuaín | Fernando Redondo | Santiago Solari | +13 others
92%
Belgium Thibaut Courtois | Eden Hazard
90%
Colombia James Rodríguez | Freddy Rincón
88%
Uruguay Federico Valverde | Pablo García | Carlos Diogo | +1 other
87%
Netherlands Clarence Seedorf | Ruud van Nistelrooy | Rafael van der Vaart | +4 others
86%
Mexico Hugo Sánchez | Javier Hernández
78%
Italy Fabio Cannavaro | Christian Panucci | Antonio Cassano
71%
Serbia Predrag Mijatović | Luka Jović | Perica Ognjenović | +1 other
61%
No matching quizzes found
Score Distribution
Percent of People with Each Score
Percentile by Number Answered
Your Score History
You have not taken this quiz